Grounded All Creatures - Statistics

General Stats
  • This quiz has been taken 274 times
  • The average score is 24 of 49
Answer Stats
Biome Answer % Correct
Grasslands Ladybug
86%
UnfortunatelyEverywhere Wolf Spider
78%
Shed Surroundings Ladybird
75%
Grasslands Orb Weaver
72%
BBQ Spill Ladybird Larva
66%
Grasslands Larva
66%
Grasslands Weevil
66%
Grasslands Aphid
64%
Picnic Table Bee
64%
Flooded Zone Gnat
61%
Trash Heap Black Soldier Ant
60%
Trash Heap Black Worker Ant
57%
Hedge Orb Weaver Jr
57%
Dry Grasslands Red Soldier Ant
57%
Haze Infected Ladybug
56%
Hedge Hedge Broodmother
55%
Grasslands Red Worker Ant
55%
Dry Grasslands Stinkbug
55%
Woodpile Termite
54%
Sandbox Antlion
53%
Flooded Zone Mosquito
53%
Haze Infected Weevil
51%
Koi Pond Koi Fish
51%
Grasslands Mite
51%
Haze Infected Larva
50%
Haze Infected Gnat
49%
Koi Pond Tadpole
49%
Woodpile Termite King
49%
Koi Pond Water Flea
48%
Haze Infected Mite
47%
Oak Hill Infected Wolf Spider
46%
Koi Pond Diving Bell Spider
44%
Koi Pond Water Boatman
44%
Shed Surroundings Black Ox Beetle
42%
Woodpile Termite Soldier
41%
Shed Surroundings Dust Mite
40%
Black Ant Lab Assistant Manager
39%
Oak Hill Grub
38%
Trash Heap Meaty Gnat
36%
Grasslands Roly Poly
31%
Shed Surroundings Green Shield Bug
30%
Shed Surroundings Scarab
30%
Grasslands Bombardier Beetle
28%
Varies Crow
28%
Flooded Zone Firefly
28%
Ominent Labs TAY.Z
26%
Ominent Labs ARC.R
25%
Grasslands Sickly Roly Poly
24%
Hedge Spiderlings
17%
No matching quizzes found
Score Distribution
Percent of People with Each Score
Percentile by Number Answered
Your Score History
You have not taken this quiz